00493nam a2200157Ia 4500003000400000008004100004040001600045082002100061100002600082245010600108260006500214650001600279650001000295650001800305650001200323GCL140319s9999 xx 000 0 eng d aGCL / cGCL04aCCb930.132bK A1 aRIEYER, PAULE POSENER10aLES ARCHIVES DU TEMPLE FUNERIRE DE NEFERESKRE - KAKAI: LES PAPRUS D'ABOUSIR / cRIEYER, PAULE POSENER a[S.N] : bINSTITUT FRANCAIS D'ARCHEOLOGIE ORIENTAL ، c197604aANTIQUITIES04aEGYPT04aANCIENT EGYPT04aTEMPLES